000 00364nam a2200145Ia 4500
008 230917s9999||||xx |||||||||||||| ||und||
040 _e61652
_aMAIN
041 _aEnglish
082 _a843.7 F617T:G
100 _aThorlby, Anthony
245 0 _aGustave Flaubert and art of realism
260 _aLondon
_bBowes and Bowes
_c1956
300 _a63 p.
942 _cBK
999 _c191378
_d191378